000 00633nam a2200229 i 4500
001 C2-0097431
003 PPAK
005 20180727094041.0
008 970525s1986 enka|||| ||||| | eng d
040 _aPPAK
_beng
_cPPAK
_erda
082 0 4 _a641.5959
_223
090 0 0 _a641.5959
_bSOL
_dR
100 1 _aSolomon, Charmaine,
_eauthor
245 1 0 _aSouth East Asian cookbook
264 1 _aLondon :
_bTiger Books ,
_c1986
300 _a120 pages :
_billustrations ;
_c28 cm
336 _2rdacontent
_atext
337 _2rdamedia
_aunmediated
338 _2rdacarrier
_avolume
650 1 0 _aCookery, Southeast Asian
942 _ddc
_cB
999 _c21337
_d21337